Polskie miasta na literę "T" - Statystyki

Ogólne statystyki
  • Ten quiz został rozwiązany 650 razy
  • Średni wynik to 7 z 14
Statystyki odpowiedzi
ludność miasto % Poprawnych
197 800 Toruń
91%
106 700 Tarnów
90%
46 400 Tarnobrzeg
77%
126 900 Tychy
69%
61 800 Tarnowskie Góry
61%
61 300 Tomaszów Mazowiecki
54%
59 100 Tczew
53%
19 000 Tomaszów Lubelski
42%
26 000 Turek
40%
13 300 Trzebnica
33%
19 700 Trzebinia
30%
13 600 Tuchola
30%
10 100 Trzebiatów
25%
17 200 Trzcianka
19%
Nie znaleziono quizów pasujących do podanych kryteriów
Rozkład punktacji
Procent ludzi z każdym wynikiem
Percentyl według liczby udzielonych odpowiedzi
Twoja historia wyników
Nie rozwiązałeś tego quizu